000 00660nam a2200241Ia 4500
003 OSt
005 20221005085030.0
006 a|||||r|||| 00| 0
007 ta
008 221004b |||||||| |||| 00| 0 eng d
024 _a34802
037 _cTextual
040 _aCRL
_cCRL
_beng
041 _2eng
_aeng
082 _aZ1xM41, K1
100 _aKonefsky Samuel J
_9613807
245 0 _aLegacy of Holmes and Brandeis
_b A study in the influence of ideas
260 _aNew York
_bCollier Books U.S.A
_c1961
300 _a288p.
_ccm.
650 _aLAW
942 _hZ1xM41, K1
_cTEXL
_2cc
999 _c993513
_d993513